| 000 | 00623nam a2200205Ia 4500 | ||
|---|---|---|---|
| 005 | 20250508151639.0 | ||
| 008 | 008 250505s9999 xx 000 0 eng d | ||
| 037 | _aBooks to be hide in OPAC | ||
| 040 |
_aFEDL _beng _cFEDL |
||
| 041 |
_aeng _2eng |
||
| 084 |
_a371.3, RYB/O _qFEDL |
||
| 100 |
_aRypurn W M _9759667 |
||
| 245 | 0 | _aProgressive school: A study in methods of education and of teaching | |
| 260 |
_aLondon, UK _bOxford University Press _c1955 |
||
| 300 | _avi, 236p. | ||
| 365 |
_aINR _b40 |
||
| 490 | _aTeaching in India Series | ||
| 942 |
_cHB _h371.3, RYB/O |
||
| 999 |
_c1331138 _d1331138 |
||